000
00267nam a2200109Ia 4500
008
230320s9999||||xx |||||||||||||| ||spa||
082
_a
370.19/M26
100
_a
Mardones, José María
245
0
_a
Desafíos Para Recrear La Escuela
260
_b
PPC
942
_8
0
_c
LIB
999
_c
39686
_d
39686